| 000 | 00554nam a22001817a 4500 | ||
|---|---|---|---|
| 005 | 20251108164138.0 | ||
| 008 | 250721s1995 xx 000 0 ara d | ||
| 082 | 1 | 4 | _aم/330.03/ياس |
| 100 | 1 | _aياس، كريستوفر | |
| 245 | 1 | 0 |
_aمعجم الإقتصاد : _bإنكليزي - عربي - فرنسي / |
| 264 | 1 |
_aبيروت : _bأدكايميا، _c1995. |
|
| 300 | _a478ص | ||
| 650 | 1 | 7 | _aالإقتصاد |
| 650 | 1 | 7 | _aمعاجم المصطلحات |
| 700 | 1 |
_aالأيوبي، عمر _eترجمة |
|
| 942 |
_2ddc _cREF |
||
| 999 |
_c4756 _d4756 |
||